00816cam a2200253 a 4500001000800000005001700008008004100025010001700066020002500083040001800108041000800126043001200134080000900146082001600155100000700171101000800178245012900186504003200315740003000347906004500377942001200422999001700434952011100451280525720180209035111.0820526r1982 nyua b 001 0deng  a 82009337  a0030619939 :c$24.95 aDLCcDLCdDLC aeng ae-uk--- a942 00a942 HUT2191 a16 aHIS10aDebrett's the stately homes of Britain :cSibylla Jane Flower ; with photographs by Derry Moore ; foreword by George Howard. aBibliography: p. [237]-238.0 aStately homes of Britain. a7bcbccorignewd1eocipf19gy-gencatlg 2ddccBK c42216d42216 00102udc40708PËKGa002b002cPËKGd2018-02-09l0o942 HUTp002-2998709r2018-02-09w2018-02-09yBK